Migaš bude vysvetľovať narušenie podstaty koaličného usporiadania

Bibliographic Details
Main Authors: ns (Author), vs (Author)
Format: Article
Language:Slovak
ISSN:1335-4051
Subjects:

MARC

LEADER 00000nab a2200000 a 4500
001 vtls000721254
003 SK-MaSNL
005 20260303202935.0
008 180206c2000 xo 0 slo
015 |a SNBRB2000/05-12981 
035 |a CLN000073421 
040 |a SNKBUCL  |b slo  |c SNKBUCL  |e AACR2 
041 0 |a slo 
044 |a xo  |c SK 
080 |a 328.131(437.6)  |2 UDC-MRF-SK2 
080 |a 32-051  |2 UDC-MRF-SK2 
100 0 |a ns  |4 aut  |9 847008 
245 1 0 |a Migaš bude vysvetľovať  |b narušenie podstaty koaličného usporiadania  |c [autori] ns, vs 
600 1 7 |a Migaš, Jozef,  |d 1954-  |2 snkbucl  |9 155175 
610 1 7 |a Slovensko.  |b Premiér (1998-2006 : Dzurinda)  |2 snkbucl  |9 165721 
655 7 |a články z novín a časopisov  |2 snkbucl  |9 267496 
700 0 |a vs  |4 aut  |9 847140 
773 0 |x 1335-4051  |t Pravda  |g Roč. 10, č. 91 (18.4.2000), s. 1 
850 |a Slovenská národná knižnica v Martine 
852 |a SNK  |b KIS3GCP 
958 |a RBX 
999 |c 2182839  |d 2184769